[Event "Ponteareas U2200 op 1st"]
[Site "Ponteareas"]
[Date "2019.03.02"]
[Round "2.5"]
[White "Quintas Otero, Anton"]
[Black "Rodriguez Munoz, Alain Raul"]
[Result "1/2-1/2"]
[WhiteElo "1259"]
[BlackElo "1756"]
[PlyCount "72"]
[EventDate "2019.03.02"]
[EventType "swiss"]
[EventRounds "5"]
[EventCountry "ESP"]
[SourceTitle "EXT 2024"]
[Source "ChessBase"]
[SourceDate "2023.10.10"]
[SourceVersion "1"]
[SourceVersionDate "2023.10.10"]
[SourceQuality "1"]

1. d4 e6 2. c4 d5 3. Nc3 dxc4 4. Qa4+ c6 5. Qxc4 Nf6 6. e4 Nbd7 7. Bg5 Be7 8. e5 Nb6 9. Qd3 Nfd5 10. Bxe7 Qxe7 11. Ne4 Qb4+ 12. Qd2 Qxd2+ 13. Nxd2 0-0 14. Bd3 Nf4 15. Be4 f5 16. Bf3 Nd3+ 17. Kf1 Nxb2 18. Be2 N2a4 19. Rc1 Nd5 20. Nc4 Nac3 21. a3 b5 22. Na5 Bd7 23. Bf3 Rac8 24. Ne2 Nxe2 25. Kxe2 Nf4+ 26. Ke3 g5 27. Nxc6 Bxc6 28. Bxc6 Rc7 29. Bxb5 Rxc1 30. Rxc1 Nxg2+ 31. Kf3 Nh4+ 32. Ke3 f4+ 33. Ke4 f3 34. Bc4 Rf4+ 35. Kd3 Kf7 36. Rb1 Nf5 1/2-1/2